Normal view
MARC view
Entry Personal Name
001 - CONTROL NUMBER
- control field: 17801
003 - CONTROL NUMBER IDENTIFIER
- control field: BD-RjUL
005 - DATE AND TIME OF LATEST TRANSACTION
- control field: 20260225124503.0
008 - FIXED-LENGTH DATA ELEMENTS
- fixed length control field: 260225|| aca||aabn | a|a d
040 ## - CATALOGING SOURCE
- Original cataloging agency: BD-RjUL
- Transcribing agency: BD-RjUL
100 ## - HEADING--PERSONAL NAME
- Personal name: Sinha, B. K
670 ## - SOURCE DATA FOUND
- Source citation: Work cat.: (BD-RjUL)86219: Pandey, S.N. 41383, Plant physiology /, 2005 [Reprinted 2025].